Études Mésopotamiennes – Mesopotamian Studies N°3 – 2023

Saved in:

Main Author: Philippe Clancier

Format: Book

Language: Undetermined

Online Access: Login to view Source

Tags: Add Tag

No Tags, Be the first to tag this record!

Call Number:

LEADER 00468nmm a2200133Ia 4500
008 240716s9999||||xx |||||||||||||||||und||
020 |a 9781803274331 
020 |a 9781803274348 
100 |a Philippe Clancier 
245 1 0 |a Études Mésopotamiennes – Mesopotamian Studies N°3 – 2023  |c Philippe Clancier 
264 |b Archaeopress Archaeology  |c 24-أغسطس-23 
856 4 0 |u http://library.arce.org:8087/Archaeopress/Products/9781803274331 
942 |2 lcc  |c EBOOK 
999 |c 59027  |d 59027